000
00204nam a2200085Ia 4500
008
170620s9999 xx 000 0 und d
100
_a
DASGUPTA-SAMEER
245
3
_a
AN INTRODUCTION TO SOCIOLOGY
260
_b
"DELHI
260
_c
PEARSON"
999
_c
29650
_d
29650